علم الامراض / (Record no. 26581)

MARC details
000 -LEADER
fixed length control field 00809nam a22002057a 4500
005 - DATE AND TIME OF LATEST TRANSACTION
control field 20200521112314.0
010 ## - LCCN (DPL NO)
LC control number B-327560
020 ## - INTERNATIONAL STANDARD BOOK NUMBER
Terms of availability 180.00
035 ## - SYSTEM CONTROL NUMBER
System control number B-327560
037 ## - SOURCE OF ACQUISITION
Source of stock number/acquisition BPPD/Pub.
082 ## - DEWEY DECIMAL CLASSIFICATION NUMBER
Classification number 616.07
100 ## - MAIN ENTRY--PERSONAL NAME
Personal name انصا ری،محّمد يوسف
245 ## - TITLE STATEMENT
Title علم الامراض /
Statement of responsibility, etc محّمد يوسف انصاری
246 ## - VARYING FORM OF TITLE
Title proper/short title Ilmul Amraz (Pathology) /
Remainder of title by Mohd. Yusuf Ansari
260 ## - PUBLICATION, DISTRIBUTION, ETC. (IMPRINT)
Place of publication, distribution, etc نئ دلّی
Name of publisher, distributor, etc اعجا ز پبلشنگ ہاؤس
Date of publication, distribution, etc 2008 ء
270 ## - ADDRESS
Address 2861, kucha Chelan, Darya Ganj
City New Delhi
Postal code 110002
300 ## - PHYSICAL DESCRIPTION
Extent 392p.
Dimensions 21cm(Hb)
942 ## - ADDED ENTRY ELEMENTS (KOHA)
Source of classification or shelving scheme Dewey Decimal Classification
Item type Urdu Bks
Classification part 616.07
Call number suffix ا ن ص
Holdings
Withdrawn status Lost status Not for loan Collection code Home library Current library Date acquired Source of acquisition Cost, normal purchase price Full call number Barcode Copy number Cost, replacement price Koha item type
      Non-fiction Central Library Central Library 19/05/2009 Ahluwalia Book Depot /194/08/21.03.09/4:25/13.03.09/09.04.09 180.00 616.07 ا ن ص B-327560 1 180.00 Urdu Bks

© Delhi Public Library
Hit Counter
free hit counter